|
|
|
|
| LEADER |
00000nab a2200000 ar4500 |
| 001 |
vtls009309572 |
| 003 |
SK-MaSNL |
| 005 |
20260304020200.0 |
| 008 |
250114c20080620xo ||||||o| 000 b|hun |
| 015 |
|
|
|a SNBRB2008/07
|2 snkbucl
|
| 038 |
|
|
|a SNKBUCL
|
| 040 |
|
|
|a DSZK
|b slo
|c DSZK
|e AACR2
|
| 041 |
0 |
|
|a hun
|
| 044 |
|
|
|a xo
|c SK
|
| 080 |
|
|
|a 82.09:821.511.141 (437.6)-1=511.141
|x (048)
|2 1997
|
| 080 |
|
|
|a 821.511.141 (437.6)-1=511.141
|x (048)
|2 1997
|
| 100 |
1 |
|
|a Csehy, Zoltán,
|d 1973-
|4 aut
|9 86541
|
| 245 |
1 |
0 |
|a A kiküszöbölt kulcslyuk
|c Csehy Zoltán
|
| 300 |
|
|
|b Fotogr.
|
| 650 |
0 |
7 |
|a maďarská poézia
|2 snkbucl
|9 1294
|
| 655 |
|
7 |
|a recenzie
|2 snkbucl
|9 21907
|
| 773 |
0 |
|
|t Új szó
|g Évf. 61, sz. 143 (20.6.2008), o. 9
|x 1335-7050
|
| 787 |
0 |
8 |
|i Rec.:
|a Rácz, Boglárka
|t Ébredések küszöbén
|d AB-ART, 2008
|
| 852 |
|
|
|a SNK
|b KIS3GCP
|
| 852 |
|
|
|a DSZK
|b KIS3GCP
|
| 958 |
|
|
|a HU
|
| 958 |
|
|
|a SK
|
| 958 |
|
|
|a LX
|
| 958 |
|
|
|a RC
|
| 999 |
|
|
|c 2596921
|d 2598851
|